Riconosci il Pokémon - Quiz n°212 - Statistics

Statistiche generali
  • Questo quiz è stato fatto 1 volte
  • Il punteggio medio è 2 su 10
Statistiche sulle risposte
Indizio Risposta % Corretto
Generazione Nona
100%
Tipo Roccia
100%
Tasso di cattura 120 (24.9%)
0%
Altezza 1,3 m
0%
Sesso 50% ♂, 50% ♀
0%
Peso 79,0 kg
0%
Abilità Iraguscio; Guscioscudo; Rigenergia
0%
Pokémon klawf
0%
Tasso di allevamento Medio-Veloce
0%
Stadio evoluzione Non si evolve
0%
Nessun quiz corrispondente trovato
Distribuzione punteggi
Percentuale di utenti per punteggio
Percentile per numero di risposta
I tuoi punteggi nel tempo
Non hai fatto questo quiz